[Event "SVR-ch HT 29th"]
[Site "Koblenz"]
[Date "2006.04.09"]
[Round "3"]
[White "Kraemer, Lucas"]
[Black "Janzen, Alexander"]
[Result "0-1"]
[WhiteElo "909"]
[BlackElo "1471"]
[PlyCount "46"]
[EventDate "2006.04.08"]
[EventType "swiss"]
[EventRounds "7"]
[EventCountry "GER"]
[SourceTitle "EXT 2009"]
[Source "ChessBase"]
[SourceDate "2008.11.26"]
[SourceVersion "1"]
[SourceVersionDate "2008.11.26"]
[SourceQuality "1"]

1. e4 c5 2. Nf3 d6 3. Nc3 Nc6 4. Bc4 Nf6 5. d3 g6 6. b3 Bg7 7. Bb2 e6 8. Qe2 a6 9. e5 dxe5 10. Nxe5 Nd4 11. Qd2 b5 12. Nxb5 axb5 13. Bxd4 bxc4 14. Bxc5 cxb3 15. cxb3 Qd5 16. Qc3 Nd7 17. Rd1 Bxe5 18. d4 Nxc5 19. dxe5 Qe4+ 20. Qe3 Qxg2 21. Ke2 Rxa2+ 22. Rd2 Ba6+ 23. Ke1 Qxh1# 0-1

[Event "SVR-ch HT 29th"]
[Site "Koblenz"]
[Date "2006.04.08"]
[Round "1"]
[White "Goetz, Heiko"]
[Black "Janzen, Alexander"]
[Result "1-0"]
[WhiteElo "2173"]
[BlackElo "1471"]
[PlyCount "125"]
[EventDate "2006.04.08"]
[EventType "swiss"]
[EventRounds "7"]
[EventCountry "GER"]
[SourceTitle "EXT 2009"]
[Source "ChessBase"]
[SourceDate "2008.11.26"]
[SourceVersion "1"]
[SourceVersionDate "2008.11.26"]
[SourceQuality "1"]

1. Nc3 c5 2. e4 d6 3. d3 Nc6 4. g3 g6 5. f4 e6 6. Nf3 Bg7 7. Bg2 Nf6 8. 0-0 0-0 9. h3 a6 10. g4 d5 11. e5 Ne8 12. g5 Bh8 13. Nh2 Nd4 14. Be3 Ng7 15. Ne2 Qb6 16. c3 Ndf5 17. Bf2 Bd7 18. Ng4 Nh5 19. b4 d4 20. bxc5 Qxc5 21. Bxb7 Ra7 22. Be4 Qc7 23. Bxf5 gxf5 24. Nh6+ Kg7 25. Bxd4 Raa8 26. Kh2 Kg6 27. Ng3 Nxg3 28. Kxg3 Bg7 29. Kh4 Bxh6 30. Qh5+ Kg7 31. gxh6+ Kh8 32. Qg5 Qd8 33. Rg1 Rg8 34. Qxd8 Raxd8 35. Rxg8+ Rxg8 36. Rb1 Rg6 37. Rb8+ Rg8 38. Rxg8+ Kxg8 39. Kg5 Ba4 40. Bc5 Bc2 41. d4 Bb1 42. a3 Ba2 43. Kf6 Bb3 44. Ke7 Bc4 45. Kd8 f6 46. exf6 Kf7 47. Be7 Bb5 48. Kc7 Ke8 49. Kd6 Bc4 50. Kc5 Bd3 51. c4 Kd7 52. Bd6 Ke8 53. a4 Kf7 54. Be7 Ke8 55. Kb4 Kd7 56. c5 Be4 57. Ka5 e5 58. dxe5 Bc6 59. Bd6 Ke6 60. Kxa6 Bxa4 61. Kb7 Kd7 62. f7 Ke6 63. f8N+ 1-0